000 00373nam a22001457a 4500
003 MACL
005 20191129163630.0
008 191129b xxu||||| |||| 00| 0 eng d
040 _cMACL
100 _aMatathe, M. P.
_977371
245 _aAdvaita- Vedanta of Samkara
260 _aDelhi
_bNew Bharatiya Book Corporation
_c2017
650 _aReligion
_977372
942 _2ddc
_cBK
999 _c61461
_d61461